00622nam a2200181 a 450000100100000000500170001000800410002702000150006804000250008308200150010810000310012324500280015426000310018230000210021350000760023495201130031099900170042300004393620201002045043.0140509s1978 sp 000 f spa d a8470175084 aDO-SdBNPbspacBNPHU axxxxbxxxx1 aPosse, Abel,d1939-97187010aDaimón /cAbel Posee. aBarcelona :bArgos,c1978. a270 p. ;c20 cm. aIncluye datos biográficos del autor en la solapa de la contracubierta 001050718MOaGRbGRcCTd2014-05-09iLF1l0oxxxx xxxxp43936-10r2020-06-25w2020-06-25y1ZNo se presta c43425d43425